Pymes, competencias laborales y TIC : competitividad, productividad e innovación organizacional /
Gespeichert in:
| Hauptverfasser: | , , , |
|---|---|
| Format: | Elektronisch E-Book |
| Sprache: | Spanisch |
| Veröffentlicht: |
Bogotá :
Ediciones Universidad Cooperativa de Colombia,
[2019]
|
| Ausgabe: | Primer edicion. |
| Schriftenreihe: | Investigación en economía social y solidaria.
|
| Schlagworte: | |
| Online-Zugang: | Digitalia Hispánica |
| Tags: |
Tag hinzufügen
Keine Tags, Fügen Sie den ersten Tag hinzu!
|
MARC
| LEADER | 00000nam a2200000Ii 4500 | ||
|---|---|---|---|
| 001 | DIGUCOCOL0083 | ||
| 003 | NyNyDIG | ||
| 008 | 230626s2019 ck a ob 000 0 spa d | ||
| 006 | m o d | ||
| 007 | cr ||||||||||| | ||
| 035 | |a (OCoLC)1390761267 | ||
| 040 | |a DGITA |b eng |e rda |e pn |c DGITA | ||
| 020 | |a 9789587601848 |q pdf | ||
| 020 | |a 9789587601831 |q ePub | ||
| 020 | |z 9789587601824 |q impreso | ||
| 041 | 0 | |a spa |b spa |b eng | |
| 050 | 1 | 4 | |a HD62.7 ebook |
| 100 | 1 | |a Ortiz Ocaña, Alexander, |e author. | |
| 245 | 1 | 0 | |a Pymes, competencias laborales y TIC : |b competitividad, productividad e innovación organizacional / |c Alexander Ortiz Ocaña, Jairo Augusto Cortés Méndez, Jaime Alberto Páez Páez, autores ; auxiliares de investigación, María Alejandra Becerra Ballesteros [and 6 others]. |
| 250 | |a Primer edicion. | ||
| 264 | 1 | |a Bogotá : |b Ediciones Universidad Cooperativa de Colombia, |c [2019] | |
| 300 | |a 1 online resource : |b illustrations. | ||
| 336 | |a text |b txt |2 rdacontent | ||
| 337 | |a computer |b c |2 rdamedia | ||
| 338 | |a online resource |b cr |2 rdacarrier | ||
| 347 | |a text file |2 rdaft | ||
| 347 | |b PDF | ||
| 490 | 1 | |a Investigación en economía social y solidaria | |
| 500 | |a Universidad Cooperativa de Colombia. Campus Santa Marta. Facultad de Ciencias Administrativas, Contables y de Comercio Internacional. | ||
| 504 | |a Includes bibliographical references. | ||
| 546 | |a Text in Spanish with abstract in Spanish and English. | ||
| 588 | 0 | |a Online resource; title from PDF title page (Digitalia, viewed June 26, 2023) | |
| 650 | 0 | |a Business. | |
| 650 | 0 | |a Information technology. | |
| 700 | 1 | |a Cortés Méndez, Jairo Augusto, |e author. | |
| 700 | 1 | |a Páez Páez, Jaime Alberto, |e author. | |
| 700 | 1 | |a Becerra Ballesteros, María Alejandra, |e author. | |
| 776 | 0 | 8 | |i Print version: |a Ortiz Ocaña, Alexander. |t Pymes, competencias laborales y TIC. |d Bogotá : Ediciones Universidad Cooperativa de Colombia, [2019] |z 9789587601824 |
| 791 | 2 | |a Digitalia (Firm), |e distributor. | |
| 793 | 0 | |g Digitalia eBook Collection: |a Ediciones Universidad Cooperativa de Colombia | |
| 830 | 0 | |a Investigación en economía social y solidaria. | |
| 856 | 4 | 0 | |3 Digitalia Hispánica |u https://digitalia.unach.elogim.com/a/127144/ |
| 910 | |a Premium collection: 2023 | ||